Normal view
MARC view
- Geologists
Entry Topical Term
001 - CONTROL NUMBER
- control field: 133688
003 - CONTROL NUMBER IDENTIFIER
- control field: NUST
005 - DATE AND TIME OF LATEST TRANSACTION
- control field: 20260312202249.0
008 - FIXED-LENGTH DATA ELEMENTS
- fixed length control field: 260312|| aca||aabn | a|a d
040 ## - CATALOGING SOURCE
- Original cataloging agency: NUST
- Transcribing agency: NUST
150 ## - HEADING--TOPICAL TERM
- Topical term or geographic name entry element: Geologists
670 ## - SOURCE DATA FOUND
- Source citation: Work cat.: (NUST): Bakenov, M. M. 133687, Satpaev guidance/, 2008.
